000 00543nam a22001697a 4500
005 20130913143455.0
010 _aENG-108152
020 _a9798170580163
_c95.00
035 _aEN-91685
037 _bDBAD/PUB
082 _a181.499
245 _aTo thee our infinite gratitude :
_bwriting on the passing of Sri Aurobindo /
260 _aPondicherry
_bSri Aurobindo Ashram
_c2012
270 _bPondicherry
_e605002
_aSri Aurobindo Ashram Publication Department
300 _a103p.
_c20cm(pbk)
942 _2ddc
_cEN
_mTHE
_h181.499
999 _c78077
_d78077